[Event "ISR-ch"]
[Site "Ramat Aviv/Modiin"]
[Date "2000.12.25"]
[Round "8"]
[White "Postny, Evgeny"]
[Black "Bar, Roman"]
[Result "1/2-1/2"]
[WhiteElo "2434"]
[BlackElo "2354"]
[Annotator "Hecht,H"]
[PlyCount "116"]
[EventDate "2000.12.17"]
[EventType "tourn"]
[EventRounds "11"]
[EventCountry "ISR"]
[EventCategory "11"]
[SourceTitle "CBM 081"]
[Source "ChessBase"]
[SourceDate "2001.03.20"]
[SourceVersion "1"]
[SourceVersionDate "2001.03.20"]
[SourceQuality "1"]

1. Nf3 Nf6 2. c4 e6 3. g3 b6 4. Bg2 Bb7 5. d4 Be7 6. O-O O-O 7. Re1 c5 8. d5
exd5 9. Nh4 Ne4 10. cxd5 Bxh4 11. Bxe4 Bf6 12. Nc3 d6 13. Bg2 a6 14. a4 Nd7 15.
Rb1 Rc8 16. Bh3 Re8 17. e4 Rc7 18. Bg2 c4 19. Be3 Nc5 20. Bd4 Bc8 21. Bf1 Bxd4
22. Qxd4 Nb3 23. Qd1 Nc5 24. Qc2 Rce7 25. Bxc4 f5 26. Bd3 fxe4 27. Nxe4 Bf5 28.
f3 Qd7 29. b3 Re5 30. Re2 Qe7 31. Rbe1 Nxd3 32. Qxd3 Qf7 33. Nxd6 Bxd3 34. Rxe5
Rxe5 35. Rxe5 Qxf3 36. Re8+ Qf8 37. Rxf8+ Kxf8 38. Kf2 {[#] Starker
Defensivläufer im Spiel gegen einen Freibauern bei wenig Bauern auf dem Brett.}
Bc2 39. Nc4 b5 40. axb5 axb5 41. Nd2 Ke7 42. Ke3 Kd6 43. Kd4 b4 44. Ne4+ Kc7
45. Nc5 Kd6 46. Kc4 Bd1 47. Ne4+ Ke5 48. d6 Ke6 49. Ng5+ Kxd6 50. Nxh7 Ke5 51.
Ng5 (51. Kxb4 Kf5 52. Kc4 Bg4 53. h4 Be2+ 54. Kc5 Kg4 $11) 51... Bg4 52. Kxb4
Kf5 53. h4 Bd1 54. Nh3 Bxb3 55. Nf2 Bd5 56. Kc3 Bf3 57. Kd4 g5 58. Ke3 gxh4
1/2-1/2

[Event "Vladivostok Zaitsev Memorial"]
[Site "Vladivostok"]
[Date "1995.??.??"]
[Round "4"]
[White "Filippov, Valerij"]
[Black "Fominyh, Alexander"]
[Result "1-0"]
[WhiteElo "2510"]
[BlackElo "2515"]
[Annotator "Hecht,H"]
[PlyCount "127"]
[EventDate "1995.09.??"]
[EventType "tourn"]
[EventRounds "9"]
[EventCountry "RUS"]
[EventCategory "9"]
[SourceTitle "CBM 050"]
[Source "ChessBase"]
[SourceDate "1996.02.01"]
[SourceVersion "1"]
[SourceVersionDate "1996.02.01"]
[SourceQuality "1"]

1. c4 {Endspiel-CD} Nf6 2. Nf3 c5 3. Nc3 e6 4. g3 b6 5. Bg2 Bb7 6. O-O Be7 7.
Re1 d5 8. cxd5 exd5 9. d4 O-O 10. dxc5 bxc5 11. Qb3 Qb6 12. Ne5 Rd8 13. Bg5
Qxb3 14. axb3 Nbd7 15. Nd3 h6 16. Bxf6 Nxf6 17. Ra5 Ne4 18. Bxe4 dxe4 19. Nxc5
Bxc5 20. Rxc5 Rd2 21. Rc7 Ba6 22. Nxe4 Rxb2 23. Nd6 Bxe2 24. Nxf7 a5 25. Nd6
Rd8 26. Nf5 Rd1 27. Rxd1 Bxd1 28. Rxg7+ Kf8 29. g4 Bc2 30. Ra7 Bxf5 31. gxf5 {
T - T Motive: T+f+h vs T; beiderseits fehlerhaft gespielte Schlußphase!} Rxb3
32. Rxa5 Kg7 33. Kg2 Kf6 34. Ra6+ Kxf5 35. Rxh6 Kg5 36. Ra6 Rc3 37. Ra5+ Kg6
38. f3 Kf6 39. Ra4 Kf5 40. Kg3 Rc1 41. Ra5+ Kf6 42. h4 Kg6 43. Rg5+ Kf6 44. Rg4
Rc5 45. Rf4+ Kg6 46. Kg4 Rc1 47. h5+ Kh6 48. Rf6+ Kg7 49. Rg6+ Kh7 50. f4 Rg1+
51. Kf5 Ra1 52. Kg5 Rg1+ 53. Kf6 Rh1 54. Rg5 Rf1 55. f5 Ra1 56. Rg6 Ra2 57. Kg5
Rg2+ 58. Kf4 Rf2+ 59. Ke5 Rh2 60. Rg5 Kh6 61. Rg1 $10 Rxh5 $5 (61... Ra2 $10)
62. Ke6 (62. Kf6 Rh2 63. Ra1 Rh4 64. Kf7 Rb4 $1 $10 (64... Kh7 $2 65. f6 $18))
62... Kh7 $2 (62... Rh2 $10 {Endspiel-CD} 63. Kf7 Ra2 64. Rg6+ Kh7 65. Re6 Ra5
66. f6 Ra8 $10) 63. Ra1 (63. Rd1 $1 Rh2 64. f6 Ra2 65. f7 Ra8 66. Ke7 Ra7+ 67.
Rd7 $18) 63... Rh2 64. f6 $2 (64. Kf7 $1 Rh5 65. f6 Rh4 66. Rd1 Rh6 67. Rd2 Rh1
68. Kf8 $1 Rh4 69. f7 Kh6 70. Re2 Rb4 71. Rh2+ Kg6 72. Kg8 $18 {Endspiel-CD}) (
64. f6 $2 Rb2 $1 65. Rd1 (65. Ra7+ Kg6 $10) 65... Rb8 66. f7 Kg7 $10) 1-0

[Event "FIDE-Wch k.o."]
[Site "Groningen"]
[Date "1997.12.18"]
[Round "4.2"]
[White "Georgiev, Kiril"]
[Black "Van Wely, Loek"]
[Result "1/2-1/2"]
[WhiteElo "2670"]
[BlackElo "2655"]
[Annotator "Hecht,H"]
[PlyCount "142"]
[EventDate "1997.12.09"]
[EventType "k.o."]
[EventRounds "7"]
[EventCountry "NED"]
[SourceTitle "CBM 063"]
[Source "ChessBase"]
[SourceDate "1998.03.26"]
[SourceVersion "1"]
[SourceVersionDate "1998.03.26"]
[SourceQuality "1"]

1. Nf3 {Georgiev} Nf6 2. c4 e6 3. g3 b6 4. Bg2 Bb7 5. O-O Be7 6. d4 O-O 7. Re1
d5 8. cxd5 exd5 9. Nc3 Nbd7 10. Bf4 Ne4 11. Rc1 c5 12. dxc5 Bxc5 13. Rf1 Nxc3
14. Rxc3 Nf6 15. Rc2 Ne4 16. Ne1 Qf6 17. Nd3 Bd6 18. Bxd6 Qxd6 19. Qc1 Rac8 20.
Rd1 g6 21. Bh3 Rxc2 22. Qxc2 Ng5 23. Bg2 Ne6 24. Qd2 a5 25. b4 Ra8 26. h4 h5
27. bxa5 bxa5 28. Qb2 Ba6 29. Qf6 Qd8 30. Qe5 Bc4 31. Bh3 Qb6 32. Rd2 Re8 33.
Qf6 Bxd3 34. Rxd3 Qb1+ 35. Kh2 Qxa2 36. Rf3 Nd8 37. Bd7 (37. Be6 $3 {Georgiev}
Rxe6 38. Qxd8+ Kg7 39. Qc7 $1 Rf6 40. Qe5 $18) 37... Rf8 38. Re3 (38. Bf5 {
Georgiev} Qxe2 39. Bxg6 Qe6 40. Bxf7+ Qxf7 (40... Rxf7 $1 41. Qxd8+ Kh7 42.
Rxf7+ Qxf7 43. Qxa5 Qxf2+ $11) 41. Qg5+ Qg7 42. Rxf8+ Kxf8 43. Qxd8+ Kf7 44.
Qxd5+ Kf8 45. Qxa5) 38... Qc2 39. Re7 (39. Re5 $1 $18 {Georgiev} a4 (39... Qc7
40. Re7) 40. g4 hxg4 41. h5 Qc1 42. e3 $1 g3+ 43. Kxg3 Qg1+ 44. Kh4 Qh2+ 45.
Bh3 $18) 39... a4 40. g4 hxg4 41. h5 Qc1 42. Kg2 Qh6 43. hxg6 Qxg6 44. Qxg6+
fxg6 45. Bxa4 {[#] Aufbau einer Festung von T+S gegen T+L bei ausgesperrtem
weißen König und später bei K+S gegen K+L bei blockierten weißen Freibauern.}
Nf7 46. Bb3 $2 {Erfordert e4, um den Bd5 erobern zu können. Danach erreicht
Schwarz eine Blockadestellung. Der e-Bauer sollte auf e2 bleiben. Besser war
daher nach Georgiev:} (46. Rd7 Kg7 (46... Rd8 47. Rxd8+ Nxd8 48. Bb3 $16 {
[%csl Rd5,Rg4]}) 47. Rxd5 $18) (46. Re6 $16) (46. Bc2 $16) 46... Rd8 47. e4 Kf8
48. Ra7 Ne5 49. Bxd5 Rd7 50. Ra8+ Ke7 51. Kg3 Rd8 52. Ra7+ Rd7 53. Ra1 g5 $1 {
[%cal Yg5f4,Yg5h4]} 54. Rh1 Kd6 55. Rh5 Rg7 56. Rh6+ Kc5 57. Be6 Rg6 58. Rxg6
Nxg6 59. Kxg4 Nf4 60. Bf5 (60. Kf5 Nd3 $8 61. Bb3 Nxf2 62. e5 g4 $11 {
(Georgiev)}) 60... Kd4 61. Kxg5 Ke5 62. Kg4 Nd3 63. Kf3 Nf4 64. Bc8 Nd3 65. Bb7
Nf4 66. Kg4 Nd3 67. f3 Nf4 68. Ba6 Ng6 69. Bc4 Nf4 70. Kg3 Nh5+ 71. Kf2 Nf4
1/2-1/2

[Event "Reykjavik zt"]
[Site "Reykjavik"]
[Date "1995.??.??"]
[Round "10"]
[White "Petursson, Margeir"]
[Black "Hjartarson, Johann"]
[Result "1/2-1/2"]
[WhiteElo "2535"]
[BlackElo "2590"]
[Annotator "Hjartarson,J"]
[PlyCount "96"]
[EventDate "1995.03.??"]
[EventType "swiss"]
[EventRounds "11"]
[EventCountry "ISL"]
[SourceTitle "CBM 047"]
[Source "ChessBase"]
[SourceDate "1995.08.01"]
[SourceVersion "1"]
[SourceVersionDate "1995.08.01"]
[SourceQuality "1"]

1. d4 Nf6 2. c4 e6 3. Nf3 b6 4. g3 Bb7 5. Bg2 Be7 6. Nc3 Ne4 7. Bd2 Bf6 8. Qc2
Nxd2 9. Qxd2 d6 10. d5 O-O 11. Nd4 (11. Rc1 Nd7 12. Nd4 a5 $1 13. Ncb5 Bxd4 14.
Nxd4 e5 15. Nb5 Nc5 16. O-O Ba6 17. Na3 f5 18. f4 Qe7 $10 {Ehlvest,J-Emelin,V/
St. Petersburg op(08)/1-0/41/}) 11... Bxd4 $146 (11... e5 12. Nc6 Qd7 13. Nxb8
Rfxb8 14. h4 a5 15. a4 $5 Rf8 16. e4 $14 {Karpov,An-Yusupov,A (2)/Tilburg (05)
1993}) 12. Qxd4 e5 13. Qd2 f5 14. O-O f4 $5 (14... Nd7 15. f4 exf4 16. gxf4 $14
) 15. gxf4 $6 (15. Ne4 a5 16. b3 $14) 15... exf4 16. Kh1 Nd7 $6 (16... Qh4 $1
17. Qd4 Nd7 18. e3 Qh6 $13) 17. Bh3 Ne5 18. b3 Qh4 $6 (18... Bc8 $10) 19. Be6+
Kh8 20. f3 Rae8 (20... Rf6 21. Rg1 Rh6 22. Rg2 $16) 21. Rg1 Rf6 $6 (21... Bc8
22. Bxc8 Rxc8 23. Ne4 $14) 22. Rg2 Rh6 23. Qd4 a6 24. Ne4 Re7 25. Rag1 Bc6 26.
Qf2 $2 (26. b4 $1 Bd7 27. Ng5 $16) 26... Qxf2 27. Rxf2 a5 28. Rg5 Bd7 29. Bxd7
Rxd7 30. Rf5 Rf7 31. Rxf7 Nxf7 32. Rg2 Rh5 33. Nc3 Re5 34. Nb5 Re7 35. Nd4 Re3
$1 $10 36. Kg1 (36. Nf5 Rc3 37. Rxg7 Nh6 38. Rg5 Nxf5 39. Rxf5 Rc2 40. Rxf4
Rxe2 41. Rf8+ Kg7 42. Rc8 Rxa2 43. Rxc7+ Kg8 $1 44. Rc6 Rb2 45. Rxd6 (45. Rxb6
a4 $132) 45... Rxb3 $10) 36... a4 37. Kf2 g5 38. h4 h6 39. hxg5 hxg5 40. Rg1
Kh7 41. Ke1 Kg6 42. Kd2 Kf6 43. Rh1 axb3 44. axb3 Ke5 45. Nc6+ Kf6 46. Nd4 Ke5
47. Nc6+ Kf6 48. Nd4 Ke5 1/2-1/2

[Event "Politiken Cup 18th"]
[Site "Copenhagen"]
[Date "1996.??.??"]
[Round "7"]
[White "Kogan, Artur"]
[Black "Taimanov, Mark E"]
[Result "1-0"]
[WhiteElo "2485"]
[BlackElo "2480"]
[Annotator "King,D"]
[PlyCount "107"]
[EventDate "1996.06.??"]
[EventType "swiss"]
[EventRounds "11"]
[EventCountry "DEN"]
[SourceTitle "CBM 054"]
[Source "ChessBase"]
[SourceDate "1996.10.01"]
[SourceVersion "1"]
[SourceVersionDate "1996.10.01"]
[SourceQuality "1"]

1. Nf3 Nf6 2. c4 e6 3. g3 b6 4. Bg2 Bb7 5. O-O c5 6. Nc3 Be7 7. Re1 d5 8. cxd5
exd5 9. d4 O-O 10. Bf4 Na6 11. Rc1 Nc7 12. Nh4 Ne6 13. Nf5 Nxf4 14. gxf4 c4 15.
Qd2 Bb4 16. a3 Ba5 17. f3 Re8 18. Ng3 h5 {This game didn't fit neatly into any
of the sections, but it is still worth looking at. It occurs quite commonly
that the h-pawn is used to attack a knight on g3, and here it goes on to
deflect the bishop away from defending the centre.} 19. f5 h4 20. Nh1 Nh5 21.
e4 h3 22. Bxh3 dxe4 23. fxe4 Rxe4 24. Rxe4 Bxe4 25. Ng3 Nxg3 26. hxg3 Qd6 27.
Qf2 Bxc3 28. Rxc3 b5 29. Re3 Qxd4 30. Bg2 Re8 31. Kh2 g6 (31... Qb6 32. Qe1
Qh6+ 33. Kg1 Qb6 $10) 32. fxg6 fxg6 33. Qf4 Qxb2 34. Rxe4 Qh8+ 35. Kg1 Qa1+ 36.
Qf1 Qxf1+ 37. Kxf1 Rc8 38. Ke2 c3 39. Kd1 c2+ 40. Kc1 Rc3 41. Rg4 Rxa3 42. Be4
a5 43. Bxg6 b4 44. Bxc2+ Kf7 45. Kb2 Re3 46. Rf4+ Kg7 47. g4 Rg3 48. Rc4 Kf6
49. Bd1 Rg2+ 50. Kc1 Rg1 51. Rc6+ Ke7 52. Rb6 Rg3 53. Rb5 Ra3 54. Kb2 1-0

[Event "EU-ch 8th"]
[Site "Dresden"]
[Date "2007.04.13"]
[Round "10"]
[White "Karjakin, Sergey"]
[Black "Bindrich, Falko"]
[Result "1-0"]
[WhiteElo "2686"]
[BlackElo "2469"]
[Annotator "Knaak,R"]
[PlyCount "27"]
[EventDate "2007.04.03"]
[EventType "swiss"]
[EventRounds "11"]
[EventCountry "GER"]
[SourceTitle "CBM 118"]
[Source "ChessBase"]
[SourceDate "2007.05.31"]
[SourceVersion "1"]
[SourceVersionDate "2007.05.31"]
[SourceQuality "1"]

1. Nf3 Nf6 2. c4 b6 3. g3 Bb7 4. Bg2 e6 5. d4 Be7 {Black has now ended up in a
Queen's Indian with Bb7 - quite unfashionable nowadays, but not at all refuted.
Schwarz ist nun in einem Dameninder mit Bb7 gelandet, der so ziemlich aus der
Mode ist. Widerlegt ist er freilich nicht.} 6. Nc3 O-O ({One way of deviating
here is: Hier ist eine Möglichkeit, um abzuweichen:} 6... Ne4 7. Bd2 Bf6 8. O-O
O-O 9. Rc1 {, but White has the more pleasant game. , aber Weiß hat das
angenehmere Spiel.}) 7. Qc2 $1 c5 {The obvious reply for most peaople, since 7.
..d5 is disadvantageous and 7...Na6 audacious to say the least.  Das ist für
die meisten selbstverständlich, denn 7...d5 ist nachteilig und 7...Na6
zumindestens gewagt.} 8. d5 exd5 9. cxd5 $1 {This may not be quite new, but it
has hardly ever been played. Instead of that, 9.Ng5 is famous, on account of
Korchnoi-Karpov, Moscow 1974, 1-0 (in 19 moves). 9.Nh4 is also known. Das ist
zwar nicht ganz neu, aber so gut wie ungespielt. Stattdessen ist 9.Ng5 berühmt,
wegen Kortschnoj-Karpov, Moskau 1974, 1-0 (in 19 Zügen). Auch 9.Nh4 ist
bekannt.} Nxd5 $2 ({The as yet never played Das bisher nicht gespielte} 9...
Na6 {is necessary, but in my opinion it is quite possible that White is
clearly better. ist notwendig, aber es ist m.E. gut möglich, dass Weiß klar
besser steht.}) 10. Qe4 $1 {This move was found by the young Pole Grzegorz
Gajewski. Der Erfinder dieses Zuges ist der junge Pole Grzegorz Gajewski.} Nb4
({Loss of material could be avoided by Materialverlust ließ sich mit} 10... f5
{, but White is clearly better here too. vermeiden, aber Weiß steht ebenfalls
klar besser.} 11. Qc4 b5 12. Qb3 c4 13. Qxb5 Nb6 14. Be3 Na6 15. O-O Bf6 16.
Bxb6 Qxb6 17. Qxc4+ $16 {/+/=}) 11. Qxb7 N8c6 12. Bf4 g5 $6 (12... Nc2+ $142
13. Kd2 Nxa1 14. Rxa1 Bf6 15. Rd1 $16 Bxc3+ 16. bxc3 Qf6 17. Bh3 d5 18. Bg5 Qg6
19. Ke1 d4 20. cxd4 Nxd4 21. Be7 Rab8 22. Qd5 Rfe8 23. Ne5 Qc2 24. Qxf7+ Kh8
25. Bg4 Qe4 26. f4 Nc2+ 27. Kf2 Ne3 28. Rd7 Qxe5 29. fxe5 Nxg4+ 30. Ke1 Nxe5
31. Qe6 Nxd7 32. Qxd7 Rbc8 33. Kd2 {1-0 Gajewski,G (2515)-Hernandez,H (2524)/
Calvia 2006/EXT 2007}) 13. O-O-O $1 gxf4 14. a3 1-0

[Event "EU-Cup 10th final"]
[Site "Lyon"]
[Date "1994.11.19"]
[Round "2"]
[White "Horvath, Jozsef"]
[Black "Arnason, Jon Loftur"]
[Result "0-1"]
[WhiteElo "2520"]
[BlackElo "2525"]
[Annotator "Kortschnoj,V"]
[PlyCount "62"]
[EventDate "1994.11.18"]
[EventType "team-k.o."]
[EventRounds "3"]
[EventCountry "FRA"]
[SourceTitle "EXT 2020"]
[Source "ChessBase"]
[SourceDate "2019.10.17"]
[SourceVersion "1"]
[SourceVersionDate "2019.10.17"]
[SourceQuality "1"]
[WhiteTeam "Budapest Honved"]
[BlackTeam "Reykjavikur Taflfelag"]
[WhiteTeamCountry "HUN"]
[BlackTeamCountry "ISL"]

1. d4 Nf6 2. c4 e6 3. Nf3 b6 4. g3 Bb7 5. Bg2 Be7 6. Nc3 Ne4 7. Bd2 f5 8. d5
Bf6 9. Qc2 Qe7 10. Rd1 (10. Nxe4 fxe4 11. Qxe4 exd5 12. Qf4 {+=}) 10... exd5
11. Nxd5 (11. cxd5 {+=}) 11... Bxd5 12. cxd5 Qc5 $1 13. Qxc5 bxc5 $132 14. Bc1
Na6 15. Nd2 Nd6 $1 16. O-O Nb4 17. a3 Na2 {=+} 18. e4 O-O 19. exf5 Rfe8 20. Bf3
Rab8 21. b3 Bg5 22. Bb2 c4 23. Bh5 Bxd2 (23... Re7 24. f4 {~}) 24. Bxe8 Nxe8
25. Rxd2 c3 26. Bxc3 Nxc3 27. b4 Nd6 28. Re1 Nxf5 29. Rc1 Nb5 30. a4 Nbd4 31.
Rd3 $4 (31. Rb2 {=+}) 31... Ne2+ 0-1

[Event "Pamplona-A 16th"]
[Site "Pamplona"]
[Date "2006.12.28"]
[Round "6"]
[White "Illescas Cordoba, Miguel"]
[Black "Morozevich, Alexander"]
[Result "0-1"]
[WhiteElo "2620"]
[BlackElo "2747"]
[Annotator "Krasenkow,M"]
[PlyCount "104"]
[EventDate "2006.12.22"]
[EventType "tourn"]
[EventRounds "7"]
[EventCountry "ESP"]
[EventCategory "17"]
[SourceTitle "CBM 116"]
[Source "ChessBase"]
[SourceDate "2007.02.01"]
[SourceVersion "1"]
[SourceVersionDate "2007.02.01"]
[SourceQuality "1"]

1. d4 Nf6 2. c4 e6 3. Nf3 b6 4. g3 Bb7 5. Bg2 Be7 6. Nc3 Ne4 7. Bd2 f5 8. d5
Bf6 9. Qc2 Qe7 10. Rd1 Na6 {This system against 7.Bd2 is sometimes played by
GM Eduardas Rozentalis.} 11. a3 $6 {An unnecessary move.} (11. O-O {is more
common. Practice has seen:} Nb4 (11... Nd6 12. Nb5 $1 (12. dxe6 dxe6 13. Qa4+
Kf7 14. Be3 Nc5 15. Bxc5 bxc5 16. Ng5+ Bxg5 17. Bxb7 Rab8 18. Bc6 Rxb2 19. Qxa7
Bf6 $13 {1/2-1/2 Petursson,M-Rozentalis,E/Malmo 1993/CBM 036 (28)}) (12. Bf4 e5
13. Bc1 e4 14. Nd4 O-O 15. b3 c5 16. dxc6 dxc6 17. Bf4 Be5 18. Bxe5 Qxe5 19. f4
Qf6 20. a3 Rad8 21. e3 Nc5 $132 {1-0 Hoelzl,F-Petran,P/Budapest 1995/EXT 1998 
(52)}) 12... Nxb5 13. cxb5 Nc5 14. dxe6 dxe6 15. Bc3 $1 (15. Bb4 Be4 16. Qc1 c6
17. bxc6 Bxc6 18. Bxc5 bxc5 19. Ne1 Rc8 20. Qc4 Kf7 21. Bxc6 Rxc6 22. b4 Rhc8
23. b5 Rb6 24. Nd3 a6 25. a4 axb5 26. axb5 Qe8 $11 {1/2-1/2 Olafsson,
H-Rozentalis,E/Lyon 1994/CBM 045 (31)}) 15... Bd5 16. Nd4 Ne4 17. Nxf5 exf5 18.
Bxf6 Qxf6 19. Rxd5 O-O 20. g4 $18 {1-0 Boga,A-Cassidy,P/ICCF 2001/CBM 109 (36)}
) (11... Nac5 12. b4 (12. Nb5 O-O 13. Nxc7 Rac8 14. Nb5 exd5 15. cxd5 Bxd5 16.
Qb1 Bc4 17. Nbd4 g6 18. Bh6 Rfe8 $132 {1-0 Naumkin,I-Marinelli,T/Formia 1995/
EXT 1997 (33)}) 12... Bxc3 13. Bxc3 Nxc3 14. Qxc3 Ne4 15. Qb3 e5 16. Nh4 g6 17.
Bxe4 fxe4 18. c5 d6 19. Qa4+ Kf7 20. Qc2 dxc5 21. bxc5 Qxc5 22. Qxe4 $16 {
1-0 Naumkin,I-Marinelli,T/Porto San Giorgio 1995/EXT 2000 (45)}) (11... O-O 12.
Nxe4 $1 (12. a3 $5 Nac5 13. b4 Nxc3 14. Bxc3 Bxc3 15. Qxc3 Ne4 16. Qb3 e5 $2
17. Nh4 Qf7 18. Bxe4 fxe4 19. Qe3 a5 20. Qxe4 $16 {1-0 Naumkin,I-Scalcione,M/
Letojanni 2001/EXT 2007 (45)}) 12... fxe4 13. Qxe4 Rae8 $2 (13... Nc5 14. Qc2
exd5 {Romanishin} 15. Be3 $5) 14. Be3 $1 exd5 (14... Qb4 15. Qc2 Qxb2 16. Qxb2
Bxb2 17. dxe6 dxe6 18. Nd4 Bxg2 19. Kxg2 Nb4 20. a3 Bxd4 21. Bxd4 Nc2 22. Bb2
Rd8 23. Kg1 {[%csl Rc2][%cal Ye2e3] 1-0 Quednau,H-Zillich,R/www.desc-online.de
2005/Telechess CBM 113}) 15. Qxe7 Rxe7 16. Nd4 Nb4 (16... Bxd4 17. Rxd4 Nb4 18.
Rd2 $1 Rf5 19. g4 Rfe5 20. a3 Na6 21. cxd5 d6 22. b4 $18 {1-0 Romanishin,
O-Rozentalis,E/Malmo 1993 (26)}) 17. a3 Bxd4 18. Bxd4 Nc2 19. e3 c6 20. Bc3 $18
{1-0 Barkhagen,J-Marin,M/Goeteborg 1999 (33)}) (11... Bxc3 $5) 12. Qb3 a5 13.
Nb5 O-O 14. Nxc7 (14. Bxb4 Qxb4 15. dxe6 dxe6 16. Nxc7 Rac8 17. Nxe6 Rfe8 18.
Ned4 Rxc4 19. Nxf5 Qxb3 20. axb3 Rc2 $44 {0-1 Epishin,V-Rotstein,A/France 1994
(40)}) 14... Rac8 15. a3 Rxc7 (15... Nc5 16. Bxb4 Rxc7 17. Bxc5 Qxc5 18. Ne1 a4
19. Qxa4 Bxb2 20. Nd3 Qxa3 21. Ra1 $1 Qc3 22. Rab1 Ra8 23. Qb5 Ba3 24. Qxb6
Qxc4 25. d6 Bxg2 26. Qxc7 $18 {1-0 Magerramov,E-Marinelli,T/Budapest 1990/CBM
017 ext (31)}) 16. axb4 Nxd2 17. Nxd2 Qxb4 18. Qxb4 axb4 19. d6 $1 Bxg2 20.
dxc7 Bxf1 21. Nxf1 Bxb2 22. Rxd7 Bf6 23. Rd6 Rc8 24. Rxb6 Rxc7 25. Rxb4 $14 {
1-0 Shneider,A-Cosma,I/Beograd 1995 (44)}) (11. Nxe4 {is premature:} fxe4 12.
Qxe4 Nc5 (12... exd5 13. Qxe7+ Kxe7 14. Nh4 Bxb2 15. cxd5 d6 16. O-O Rae8 17.
Nf5+ $14 Kf7 18. Be3 Bf6 19. Rd2 {1/2-1/2 Naumkin,I-Drei,A/Reggio Emilia 2000/
CBM 081}) 13. Qb1 $6 (13. Qe3) 13... exd5 14. cxd5 Bxd5 15. O-O Be4 16. Qc1 a5
$17 {0-1 Ortega,L-Marinelli,T/Cattolica 1994/EXT 1997 (52)}) 11... Bxc3 (11...
Nd6 $5 {is quite appropriate and proves that a2-a3 was rather just a loss of
time:} 12. dxe6 dxe6 13. Qa4+ Kf7 14. Be3 Rhd8 15. O-O Nc5 16. Bxc5 bxc5 17.
Nd2 Bxg2 18. Kxg2 Qd7 19. Qc2 Qc6+ 20. Kg1 Rd7 21. b3 Rad8 22. Nf3 Ne4 $15 {
0-1 Diedam,N-Emunds,H/Germany 2000/EXT 2001 (45)}) 12. Bxc3 exd5 13. Nh4 $6 {
This move is now completely senseless as Ne4 is safely protected.} (13. cxd5)
13... O-O 14. cxd5 Rae8 15. Bd4 $6 {Completely neglecting development.} (15.
O-O $142 {V.Lebedev} Nxc3 16. Qxc3 Qxe2 $6 17. Nxf5 $1) 15... c5 {Probably not
the best.} (15... Qf7 $5 16. g4 Bxd5 17. Nxf5 Bb3 18. Qc1 Qg6 (18... Bxd1 19.
Bxg7 $1 $36 {[%csl Ra6]}) 19. Bxe4 $1 Rxe4 20. f3 $1 $13) (15... g5 $1 16. Nf3
Bxd5 $17) 16. dxc6 dxc6 17. Bxe4 fxe4 18. Qb3+ Kh8 19. Qe3 $6 {White continues
a series of pretencious moves eventually leading to a disaster.} (19. O-O)
19... Nc7 20. Bc3 $6 (20. b4 Nd5 21. Qc1 $15) 20... c5 (20... Nd5 $5 21. Qc1
Ba6 $17) 21. Ng2 $6 (21. O-O) 21... Nd5 22. Rxd5 {After this Black is
technically winning.} (22. Qc1 $142 e3 23. f3 $17) 22... Bxd5 23. Nf4 Bf7 24.
h4 Kg8 25. b4 Rd8 26. O-O Rd7 27. Rc1 Rfd8 28. Kg2 Rd1 29. Rxd1 Rxd1 30. Nd3
cxb4 31. axb4 h6 32. Ne5 Bd5 33. Ng6 Qf7 34. h5 Kh7 35. g4 Bb7 36. Be5 Bc8 37.
Kh3 Rg1 38. Bg3 Qd5 $6 (38... Rh1+ 39. Kg2 Rd1 40. Kh3 $140 Rd5 41. Qxe4 Rxh5+
42. Kg2 $2 Bb7) 39. Kh2 Rd1 40. Ne7 $6 (40. Qf4 $1 e3 41. f3 {suddenly gave
White counterplay.}) 40... Qe6 41. Nxc8 $6 {Capitulation.} Qxg4 $1 42. Kg2 Qxc8
43. Qxe4+ Kg8 44. Be5 Qd8 45. f3 Qg5+ 46. Bg3 Qxh5 47. Qc4+ Qd5 48. Qc8+ Kh7
49. Qc2+ Kh8 50. Be5 Rd2 51. Qc8+ Kh7 52. Qf5+ g6 0-1